[Event "Panevezys Elite Open 2020"]
[Site "Panevezys"]
[Date "2020.06.27"]
[Round "2.9"]
[White "Aleknavicius, Andrius"]
[Black "Juknis, Paulius"]
[Result "0-1"]
[WhiteElo "1895"]
[BlackElo "2127"]
[Annotator "TA"]
[PlyCount "116"]
[EventDate "2020.06.26"]
[EventType "swiss"]
[EventCountry "LTU"]
[SourceTitle "playchess.com"]
[Source "ChessBase"]
[SourceQuality "1"]

{[%evp 15,116,-35,0,0,-4,-18,0,-15,0,-114,0,-2,31,0,0,0,0,0,0,0,0,-10,20,-45,-44,-62,-41,-59,-28,-93,-93,-126,-122,-108,-39,-40,-36,-50,-25,-27,0,-23,22,12,92,0,0,-48,-45,-67,-72,-152,-34,-108,-110,-178,-193,-307,-193,-333,-244,-481,-488,-561,-551,-519,-395,-655,-362,-365,-365,-364,-348,-361,-356,-356,-349,-346,-338,-349,-331,-338,-329,-368,-365,-390,-376,-411,-410,-406,-406,-431,-414,-503,-519,-493,-451,-500,-494,-500,-410,-29981,-29981]} 1. f4 e5 2. e4 exf4 3. Nf3 d6 4. Bc4 h6 5. d4 g5 6. O-O Bg7 7. c3 Ne7 8. g3 g4 9. Nh4 {C38: King's Gambit Accepted: 3 Nf3 g5 4 Bc4 Bg7.} f3 10. Nxf3 gxf3 11. Qxf3 {The position is equal.} O-O 12. Bxf7+ (12. Qh5 $1 $11 Be6 13. Na3 Bxc4 14. Nxc4) 12... Kh7 (12... Kh8 $17 {White should prevent ...Nbc6.} 13. Be3 Ng8) 13. Qh5 $1 $11 {Strongly threatening Rf6!} Qd7 14. Bxh6 {Bg5+ would kill now.} Qh3 ({Worse is} 14... Bxh6 15. Rf6 Rxf7 16. Rxh6+ Kg7 17. Rh7+ Kf6 18. Rxf7+ Ke6 19. d5+ Nxd5 20. exd5#) 15. Bg5+ Qxh5 16. Bxh5 Rxf1+ 17. Kxf1 Ng6 18. Na3 Bh6 19. Bxg6+ ({White should try} 19. Nb5 $11 Na6 20. Bxh6 Bh3+ 21. Kf2 Kxh6 22. Be2) 19... Kxg6 $15 20. Bxh6 {Hoping for Bf4.} Kxh6 21. Nb5 Na6 22. Ke2 (22. Kg2 $11 {remains equal.}) 22... Bg4+ $17 23. Ke3 Rf8 24. h3 {[#]} Bd7 (24... Bh5 $1 $17 25. g4 Bg6) 25. a4 $15 Kg5 26. Rh1 $1 Rf6 27. b4 Bc6 28. d5 Bd7 (28... Bxb5 $5 29. axb5 Nb8 $11) 29. Nd4 Bxa4 {[#]} (29... Rh6 $11 {keeps the balance.}) 30. Ne6+ (30. g4 $1 $16) 30... Kg6 $1 $11 31. h4 Bd7 32. h5+ Kh6 33. Nf4 (33. b5 $142 Bxe6 34. bxa6) 33... Kg5 (33... Rf7 $17 34. Kd4 Rg7) 34. Nd3 (34. Ng6 $1 $15) 34... Bg4 $17 35. b5 (35. e5 $17 Rf3+ 36. Kd2) 35... Nb8 $19 36. Ra1 (36. Kd4 $142) 36... a6 {White must now prevent ...Rf3+.} ({Don't play} 36... Bxh5 37. Nf4 $19) 37. bxa6 (37. Nf4 $142) 37... Nxa6 38. e5 $2 (38. Nf4) 38... Rf3+ 39. Ke4 Rxg3 {aiming for ...Bf5+.} 40. Rf1 dxe5 {Threatens to win with ...Bh3.} 41. h6 $2 (41. c4) 41... Be2 42. Rf5+ Kxh6 43. Nxe5 Rxc3 44. d6 cxd6 45. Rf6+ Kg7 46. Rxd6 Rc7 47. Rd2 Bb5 48. Rb2 Be8 49. Rb6 Kf8 50. Kd5 Ke7 51. Kd4 Nb8 52. Nc4 Nc6+ 53. Ke4 Bf7 54. Ne3 Kd6 55. Rb5 Be6 56. Rg5 Re7 57. Kd3 b6 58. Rg6 (58. Kc3 $19) 58... Ne5+ {[%mdl 64] Double Attack. Accuracy: White = 42%, Black = 52%.} 0-1

[Event "Panevezys Elite Open 2020"]
[Site "Panevezys"]
[Date "2020.06.27"]
[Round "2.10"]
[White "Sciupokas, Arunas"]
[Black "Bekasovs, Rihards"]
[Result "0-1"]
[WhiteElo "2000"]
[BlackElo "2179"]
[Annotator "TA"]
[PlyCount "110"]
[EventDate "2020.06.26"]
[EventType "swiss"]
[EventCountry "LTU"]
[SourceTitle "playchess.com"]
[Source "ChessBase"]
[SourceQuality "1"]

{[%evp 12,110,24,18,26,-16,15,-6,21,0,-2,-30,-30,-36,-24,-24,-19,-18,-9,-31,0,0,0,-26,0,-33,-14,-12,-6,-29,0,0,10,0,0,0,0,0,0,0,0,0,0,0,0,0,0,0,0,0,0,0,0,-4,0,0,0,0,0,0,0,0,0,0,0,0,0,0,0,0,0,0,0,0,0,0,0,0,0,-4,0,0,0,0,0,-102,-98,-182,-185,-192,-189,-189,-181,-173,-167,-358,-352,-355,-340,-4618,-4610]} 1. e4 c6 2. d4 d5 3. e5 Bf5 4. Bd3 Bxd3 5. Qxd3 e6 6. Nf3 Qa5+ 7. Nbd2 Qa6 {B12: Caro-Kann: Advance Variation.} 8. Ke2 Ne7 {[#]} 9. Nb3 $146 ({Predecessor:} 9. a4 Ng6 10. g3 f6 11. b3 Be7 12. h4 Qxd3+ 13. Kxd3 h5 14. Re1 Kf7 15. Ng1 {0-1 (74) Abarca Gonzalez,N (2388)-Henriquez Villagra,C (2501) Santiago de Chile 2018}) 9... b6 {The position is equal.} 10. a4 Qxd3+ 11. cxd3 (11. Kxd3 {is more complex.} Nd7 12. Be3 Rc8 13. Ke2 c5 14. a5) 11... a5 12. Bg5 Nc8 13. Rac1 h6 14. Bd2 Kd7 15. g4 g6 16. h4 h5 17. Ng5 Ke8 18. f3 Be7 19. Be3 Ra7 20. Nd2 Rc7 21. gxh5 Bxg5 22. Bxg5 Rxh5 23. Nf1 $1 Nd7 24. Ng3 Rh7 $1 25. h5 gxh5 26. Nxh5 Ne7 27. Nf6+ Nxf6 28. Bxf6 Rxh1 29. Rxh1 $11 {[%mdl 4096] Endgame Threatens to win with Rh8+. KRB-KRN} Ng6 30. Ke3 c5 31. dxc5 Rxc5 32. Kd2 Rc7 33. Rh7 b5 34. axb5 Rb7 35. Rg7 Kf8 36. Rh7 Rxb5 37. Kc2 Ke8 38. Rg7 Kf8 39. Rh7 Rc5+ 40. Kd2 Rb5 41. Kc2 Ke8 42. Rg7 Rc5+ 43. Kd2 Kf8 44. Rh7 d4 45. Rh1 Rb5 46. Kc2 Ke8 47. Rh5 a4 {[%cal Ba5a4,Ba4a3][%mdl 32]} 48. Kb1 (48. f4 $11 {keeps the balance.}) 48... a3 $1 $17 49. Ka2 (49. Rh2 $17 {was called for.}) 49... axb2 $19 50. Kb1 Rb3 51. Rh2 Rxd3 52. Rxb2 Kd7 {aiming for ...Kc6.} ({But not} 52... Rxf3 53. Rb8+ Kd7 54. Rd8+ Kc7 55. Rxd4 $17) 53. Rb7+ $2 (53. Rb6) 53... Kc6 54. Rxf7 Rxf3 {Strongly threatening ...d3.} 55. Kc2 $2 {[#]} (55. Ra7 Kd5 56. Kc2) 55... Nxe5 $1 {[%mdl 512] Accuracy: White = 76%, Black = 90%.} 0-1

[Event "Panevezys Elite Open 2020"]
[Site "Panevezys"]
[Date "2020.06.27"]
[Round "2.11"]
[White "Boyajyan, David"]
[Black "Frick, Christoph"]
[Result "1-0"]
[WhiteElo "1949"]
[BlackElo "2101"]
[Annotator "TA"]
[PlyCount "59"]
[EventDate "2020.06.26"]
[EventType "swiss"]
[EventCountry "LTU"]
[SourceTitle "playchess.com"]
[Source "ChessBase"]
[SourceQuality "1"]

{[%evp 12,59,19,0,52,31,40,10,109,98,102,115,112,102,107,116,140,142,172,177,175,167,283,150,160,146,304,302,305,307,303,285,290,216,406,390,603,583,660,644,1765,1763,1638,1682,1602,1483,1560,1541,29946,6306]} 1. Nf3 d5 2. c4 c6 3. g3 Nf6 4. Bg2 Bf5 5. O-O e6 6. d3 h6 7. Nc3 Bh7 {[#] A11: English Opening: 1...c6.} ({Black should play} 7... dxc4 $11 8. dxc4 Nbd7) 8. Qb3 $146 ({Predecessor:} 8. Be3 Bd6 9. Qb3 b6 10. cxd5 exd5 11. Bd4 O-O 12. Rfe1 Nbd7 13. e4 dxe4 14. dxe4 Nc5 15. Bxc5 Bxc5 {0-1 (34) Paunovic,D (2539)-Simutowe,A (2458) San Sebastian 2008}) 8... Qb6 9. Be3 Qa6 (9... Qxb3 $11 {keeps the balance.} 10. axb3 a6) 10. cxd5 $16 exd5 {[#]} 11. Bd4 $1 Be7 12. e4 $36 {[%cal Re4d5][%mdl 2048] White has strong initiative.} O-O 13. exd5 Nxd5 14. Rfe1 (14. Nxd5 $6 cxd5 15. Qc3 (15. Qxd5 Nc6 $11) 15... f6 $14) 14... Bf6 15. Nxd5 cxd5 16. Bxf6 Qxf6 {[#]} (16... gxf6 $142 17. Qxd5 Nc6) 17. Qxb7 ({Not} 17. Qxd5 Nc6 $16) (17. Ne5 $1 $18) 17... Na6 18. Ne5 {And now Nd7 would win.} ({Don't take} 18. Qxd5 $6 Nb4 $14) 18... Rab8 $2 {Loses the game.} (18... Nc5 $16 19. Qxd5 Nxd3 20. Nxd3 Rad8) 19. Qxa7 $18 Bf5 20. Bxd5 Nb4 21. Bxf7+ Kh8 22. Rad1 Rb5 $2 (22... Ra8 {keeps fighting.} 23. Qc5 Nxd3 24. Nxd3 Qxf7) 23. d4 Nc2 (23... Rxe5 $142 24. dxe5 Qxf7 25. Qxf7 Rxf7) 24. Re2 Rxb2 25. g4 {[%mdl 64] Overworked Piece} Bxg4 26. Ng6+ ({Weaker is} 26. Nxg4 Qf3 $11) 26... Qxg6 27. Bxg6 Bxe2 {[#]} 28. Qe7 $1 {[%cal Re7f8][%mdl 64] Double Attack} Rfb8 29. Qxe2 Nxd4 {[#]} 30. Qxb2 $3 {Accuracy: White = 84%, Black = 42%.} 1-0

[Event "Panevezys Elite Open 2020"]
[Site "Panevezys"]
[Date "2020.06.27"]
[Round "2.12"]
[White "Baliuniene, Margarita"]
[Black "Golsta, Madara"]
[Result "0-1"]
[WhiteElo "2013"]
[BlackElo "1903"]
[Annotator "TA"]
[PlyCount "79"]
[EventDate "2020.06.26"]
[EventType "swiss"]
[EventCountry "LTU"]
[SourceTitle "playchess.com"]
[Source "ChessBase"]
[SourceQuality "1"]

{[%evp 19,79,2,0,-1,69,0,25,15,33,39,51,27,58,-12,23,6,0,0,12,16,20,0,64,50,71,47,35,30,18,25,116,106,89,0,37,0,0,0,0,0,0,-86,-86,-94,-85,-310,-202,-185,35,30,46,34,34,27,16,11,276,135,271,283,255,269]} 1. d4 Nf6 2. c4 g6 3. Nc3 d5 4. e3 Bg7 5. cxd5 Nxd5 6. Bc4 Nb6 7. Bb3 O-O 8. Nf3 Nc6 9. O-O e5 10. d5 Na5 11. Bc2 {D94: Grünfeld: 4 Nf3 Bg7 5 e3.} f5 {[#]} (11... c6 $11) 12. b4 $146 ({White should play} 12. e4 $14) ({Predecessor:} 12. e4 Nac4 13. a4 f4 14. a5 Nd7 15. a6 Nd6 16. axb7 Bxb7 17. Ba4 Rf7 18. Bc6 Bxc6 19. dxc6 {1-0 (44) Loncar,R (2385)-Cupic,L (2169) Zagreb 2016}) 12... Nac4 13. Bb3 {White has an edge.} Kh8 14. Nd2 Nd6 15. Bb2 Qh4 16. f4 (16. a4 $14) 16... Qe7 17. Ne2 Re8 18. Re1 a5 19. bxa5 Rxa5 20. Bc3 Ra8 (20... Rxd5 $11 21. Bxd5 Nxd5) 21. Rc1 $14 Bd7 22. Bb4 Ba4 23. Nf3 exf4 $1 24. Nxf4 Bxb3 (24... Bf6 $11 {keeps the balance.}) 25. Qxb3 $16 Bf6 26. Bc3 (26. Rc2 $16) 26... Ne4 27. Bd4 Qd6 $36 {[%mdl 2048] Black is pushing.} 28. Bxf6+ Nxf6 29. Ng5 {[#] Black must now prevent Nf7+.} Re7 30. Rcd1 (30. Red1 $11) 30... Ra3 $17 31. Qb2 Kg8 {Strongly threatening ...Nc4.} 32. Qd2 $2 (32. Nge6 $17 Nbxd5 33. g4) 32... Ng4 {aiming for ...Nc4.} 33. Nge6 Ne5 $2 (33... Nc4 $19 34. Qd4 Rxe3 35. Rxe3 (35. Qxc4 {gets mated.} Rxe1+ 36. Qf1 Qb6+ 37. Nd4 Rxd1 38. g3 Qxd4+ 39. Kg2 Qd2+ {[%mdl 64] Double Attack} 40. Ne2 Rxf1 41. Kxf1 Rxe2 42. h4 Re1#) 35... Ncxe3) 34. e4 $14 Nbc4 35. Qd4 fxe4 36. Rxe4 Rxa2 37. Rde1 {[%cal Re4e5]} Rd2 $2 {[%mdl 8192] [#]} (37... c5 $11 38. Qxc5 (38. dxc6 Rxe6 39. Qxd6 Rxd6 $17) 38... Qxc5+ 39. Nxc5 Rf7) 38. Qc3 (38. Qa1 $1 $18 {[%cal Ra1a8] White threatens Qa8+ and mate.} Qb6+ 39. Kh1) 38... Qb6+ (38... Rb2 $16) 39. Kh1 $18 Qb2 40. Rxc4 {[%mdl 32768] White used his chance. Accuracy: White = 63%, Black = 48%. . Loss on time!?} 0-1

[Event "Panevezys Elite Open 2020"]
[Site "Panevezys"]
[Date "2020.06.27"]
[Round "3.1"]
[White "Meshkovs, Nikita"]
[Black "Starostits, Ilmars"]
[Result "1/2-1/2"]
[WhiteElo "2582"]
[BlackElo "2490"]
[Annotator "TA"]
[PlyCount "95"]
[EventDate "2020.06.26"]
[EventType "swiss"]
[EventCountry "LTU"]
[SourceTitle "playchess.com"]
[Source "ChessBase"]
[SourceQuality "1"]

{[%evp 9,95,21,12,0,0,0,0,-8,1,-9,23,22,17,0,8,-14,23,20,20,20,27,32,21,32,28,20,22,28,39,50,59,10,8,15,21,13,21,11,8,0,0,0,0,0,27,25,55,43,40,42,584,389,491,70,64,69,51,0,0,0,0,0,175,0,0,0,0,0,0,0,0,-11,0,-23,-16,-23,-9,-9,-9,-9,-9,-9,-9,-12,-12,-12,0,0]} 1. Nf3 d5 2. g3 Nf6 3. Bg2 g6 4. d4 Bg7 5. O-O O-O 6. a4 {D02: 1 d4 d5 2 Nf3 sidelines, including 2...Nf6 3 g3 and 2...Nf6 3 Bf4.} c5 7. dxc5 Na6 8. a5 Nxc5 9. Nc3 Nce4 {[#]} 10. Nxe4 $146 ({Predecessor:} 10. Nb5 Nd6 11. Nxd6 Qxd6 12. Bf4 Qc5 13. Be5 Ne4 14. Bxg7 Kxg7 15. Ne5 Bf5 16. c3 {½-½ (45) Tosic,M (2362)-Stankovic,M (2133) Belgrade 2018}) 10... Nxe4 11. c3 e5 12. Qb3 Nc5 13. Qb5 Qd6 14. Be3 Ne6 15. Rfd1 Rd8 16. Ng5 {[%cal Rd1d5]} Nc7 17. Qb3 h6 $1 {[%cal Rh6g5]} 18. Ne4 Qe7 19. Bc5 Qe8 $1 20. Bd6 (20. Nd6 $5 {[%cal Rd6e8]} Qc6 {[%mdl 64] Double Attack} 21. Qa3 $11) 20... Qc6 $1 21. Bxc7 Qxc7 22. Rxd5 Be6 23. Rxd8+ Rxd8 24. Qb5 $36 {[%mdl 2048] White is pushing.} b6 25. axb6 axb6 26. Qa4 f5 27. Nd2 $1 Rxd2 28. Qe8+ {[%mdl 64] Double Attack} Kh7 29. Qxe6 Rxe2 $2 {[%mdl 8192]} (29... e4 $14) 30. Bc6 {Ra8 is the strong threat.} Qd8 31. Bd5 $2 (31. Bf3 $1 $18 {[%cal Rf3e2]} Qd2 {[#]} 32. Bh5 $1 {[%mdl 512]} (32. Qxb6 Qxb2 33. Qxb2 Rxb2 $11) 32... Re1+ 33. Kg2 $1 {[%mdl 512]}) 31... h5 $14 32. Ra7 Kh6 $1 33. h4 (33. Rf7 $14 Qg5 34. h4 (34. Qxb6 h4 $11) 34... Qc1+ 35. Kg2) 33... Rxb2 $11 34. Rf7 Rd2 35. c4 {Black should prevent Rxf5.} b5 $2 (35... f4 $1 $11 {and Black is okay.}) 36. Rd7 $2 (36. Rxf5 $1 $18 bxc4 37. Bf3) 36... Qf6 {Strongly threatening ...e4.} 37. Qxf6 Bxf6 38. cxb5 {[%mdl 4096] Endgame KRB-KRB} Rb2 39. Bg8 {[%csl Gg8][%cal Rd7h7]} g5 40. hxg5+ Kxg5 41. Bc4 h4 42. gxh4+ Kg4 43. Rf7 {The position is equal.} Bxh4 {Hoping for ...f4.} 44. Be6 Bxf2+ 45. Kf1 Kg3 {Threatens to win with ...f4.} 46. Bxf5 Bd4 47. Bd3 Rf2+ 48. Rxf2 {Accuracy: White = 81%, Black = 76%.} 1/2-1/2

[Event "Panevezys Elite Open 2020"]
[Site "Panevezys"]
[Date "2020.06.27"]
[Round "3.2"]
[White "Brazdzionis, Andrius"]
[Black "Heberla, Bartlomiej"]
[Result "1/2-1/2"]
[WhiteElo "2342"]
[BlackElo "2572"]
[Annotator "TA"]
[PlyCount "126"]
[EventDate "2020.06.26"]
[EventType "swiss"]
[EventCountry "LTU"]
[SourceTitle "playchess.com"]
[Source "ChessBase"]
[SourceQuality "1"]

{[%evp 17,126,67,106,103,103,102,116,75,85,90,77,99,98,75,75,75,76,68,76,67,89,89,93,87,92,70,83,69,70,70,70,70,79,80,63,37,43,37,43,30,45,35,70,66,84,0,41,0,72,0,28,9,36,0,0,0,0,0,0,9,31,31,31,31,31,31,31,0,31,0,22,9,16,16,16,0,8,0,39,0,0,0,14,0,0,0,0,0,0,0,62,0,22,13,92,84,109,97,132,0,0,0,33,23,25,32,56,91,75,18,22]} 1. d4 Nf6 2. c4 c5 3. d5 d6 4. Nc3 g6 5. e4 Bg7 6. h3 O-O 7. Nf3 e6 8. Bd3 Nbd7 9. O-O e5 10. Bg5 {E90: King's Indian: Classical: Early deviations and 6 h3.} h6 11. Be3 Nh7 12. Qc2 {White is better.} Ndf6 {[%cal Bd7f6,Bf6h5,Bh5f4][%mdl 32]} 13. Qd2 Nh5 14. Bxh6 Qf6 {[#]} 15. Bg5 $146 ({Predecessor:} 15. Be3 Nf4 16. Bxf4 exf4 17. Rfe1 Ng5 18. Qd1 Nxf3+ 19. Qxf3 Qh4 20. Kf1 Be5 21. Ke2 {½-½ (36) Wagner,D (2595)-Kreisl,R (2391) Austria 2020}) 15... Nxg5 16. Qxg5 Nf4 17. Qxf6 Bxf6 18. Rfd1 Bd7 19. Bf1 Kg7 20. a4 a6 21. Ne1 Rfb8 22. Ra2 Bd8 23. a5 b6 24. axb6 Rxb6 25. Rda1 Bc8 26. Nc2 Rab8 27. Nd1 f5 28. Nce3 fxe4 29. Ra3 Nh5 30. Be2 Nf6 31. Bf1 (31. Nf1 $16) 31... Kf7 32. Be2 Be7 (32... Kg7 $1 $11) 33. Ng4 (33. Rb1 $16) 33... Ne8 34. Kf1 Ng7 35. Nge3 Nf5 36. Nxf5 gxf5 37. g4 f4 {[#] Strongly threatening ...f3.} 38. Nc3 Rxb2 39. Nxe4 R8b6 40. R3a2 R2b3 41. Kg2 Bh4 42. Nd2 R3b4 43. Ne4 Ke7 44. Bd3 Rb3 45. Bc2 Rb2 46. Nd2 R6b4 47. Bd3 Bb7 48. Ne4 Bc8 49. Nd2 Rb6 50. Ne4 R2b3 51. Ra3 Rxa3 52. Rxa3 Rb2 53. Kf3 Rb6 (53... Bb7 $11) 54. Kg2 ({Better is} 54. Ra2 $1 $14) 54... Bd7 55. Ra2 Be8 (55... Rb3 $11 {keeps the balance.} 56. Be2 Rb6) 56. Nd2 $16 Kf8 57. Nf3 Bd8 58. Nd2 (58. Bf5 $16) 58... a5 59. Ne4 a4 60. Bc2 Bg6 61. Kf3 a3 62. Rxa3 {aiming for Ra8.} Rb2 {[#]} 63. Bd3 (63. Ra8 $1 $16 {[%cal Ra8d8]} Rxc2 64. Rxd8+ {[%mdl 64] Double Attack} Ke7 65. Ra8 Bxe4+ 66. Kxe4) 63... Bh4 {Accuracy: White = 75%, Black = 80%.} 1/2-1/2

[Event "Panevezys Elite Open 2020"]
[Site "Panevezys"]
[Date "2020.06.27"]
[Round "3.3"]
[White "Laurusas, Tomas"]
[Black "Krivonosov, Oleg"]
[Result "1-0"]
[WhiteElo "2511"]
[BlackElo "2391"]
[Annotator "TA"]
[PlyCount "83"]
[EventDate "2020.06.26"]
[EventType "swiss"]
[EventCountry "LTU"]
[SourceTitle "playchess.com"]
[Source "ChessBase"]
[SourceQuality "1"]

{[%evp 22,83,31,31,31,31,29,29,31,33,31,22,37,4,47,45,50,50,41,41,52,50,55,40,43,43,52,58,56,54,52,59,87,85,95,88,103,97,120,113,181,178,198,189,190,182,189,186,179,159,159,158,210,202,184,160,213,192,365,349,376,384,531,521]} 1. c4 e6 2. Nf3 Nf6 3. g3 d5 4. b3 Be7 5. Bg2 O-O 6. O-O b6 7. cxd5 Nxd5 8. d4 Bb7 9. Bb2 Nd7 10. Re1 c5 11. e4 N5f6 12. Nc3 cxd4 {A14: English Opening: 1...e6 with b3 by White.} 13. Nxd4 {Strongly threatening e5.} Bc5 14. Re2 Ne5 {White has an edge.} 15. Na4 Bxd4 16. Bxd4 Nc6 17. Bb2 {[#]} (17. Bxf6 $5 Qxd1+ 18. Rxd1 gxf6 19. Red2 $14) 17... Qxd1+ $146 ({Predecessor:} 17... Qe7 18. Qe1 Rfd8 19. Rd1 Rxd1 20. Qxd1 Rd8 21. Rd2 Rxd2 22. Qxd2 e5 23. f3 Ba6 {½-½ (23) Rozum,I (2573)-Lysyj,I (2635) Skopje 2019}) 18. Rxd1 Rfd8 19. Red2 Rxd2 20. Rxd2 Rd8 21. Rxd8+ Nxd8 22. f3 Nd7 23. Kf2 f6 24. Bf1 Kf7 25. Ke3 Nb8 26. b4 {[%cal Bb3b4,Bb4b5][%mdl 32]} Bc6 {Black is now going downhill.} 27. b5 Be8 28. Ba3 Nb7 29. f4 Bd7 30. Kd4 e5+ (30... g5 $16 {was worth a try.} 31. e5 gxf4) 31. fxe5 $18 fxe5+ 32. Kxe5 Be6 33. Nc3 Nd7+ 34. Kd4 Nbc5 35. Be2 Ke8 36. Nd5 Kd8 (36... Bf7 $16 37. h4 Ne6+ 38. Ke3 Nf6 39. Nxf6+ gxf6) 37. Bc4 Bg4 38. Ne3 Be6 (38... Ne6+ $16 {keeps fighting.} 39. Kc3 Bh3) 39. e5 Bxc4 $2 {[#]} (39... Ke7 40. Bd5 Kd8) 40. Nxc4 ({Less strong is} 40. Kxc4 Nxe5+ 41. Kd5 Ned3 $14) 40... Ne6+ 41. Kd5 Ndc5 42. Kd6 {Accuracy: White = 95%, Black = 61%.} 1-0

[Event "Panevezys Elite Open 2020"]
[Site "Panevezys"]
[Date "2020.06.27"]
[Round "3.4"]
[White "Baum, Jonasz"]
[Black "Chukavin, Kirill"]
[Result "1-0"]
[WhiteElo "2373"]
[BlackElo "2348"]
[Annotator "TA"]
[PlyCount "111"]
[EventDate "2020.06.26"]
[EventType "swiss"]
[EventCountry "LTU"]
[SourceTitle "playchess.com"]
[Source "ChessBase"]
[SourceQuality "1"]

{[%evp 14,111,12,6,8,0,33,18,20,33,29,28,67,24,24,26,29,27,20,-50,-49,-64,-57,-97,0,-50,-47,-37,-50,-38,-19,-11,-11,-19,-30,-35,0,0,0,0,0,0,0,0,0,0,0,0,0,0,95,109,121,116,104,105,124,135,124,48,54,52,76,44,302,275,428,420,559,462,476,433,475,449,385,366,545,544,515,405,833,808,908,930,866,782,12842,12843,12843,12843,12844,12844,12845,12845,12845,12846,12846,12847,12846,12847]} 1. d4 Nf6 2. c4 e6 3. Nf3 d5 4. g3 dxc4 5. Bg2 Bd7 6. Ne5 Bc6 7. Nxc6 Nxc6 8. O-O Qd7 {E04: Open Catalan: 5 Nf3.} 9. e3 O-O-O 10. Nd2 e5 {The position is equal.} 11. Nxc4 exd4 12. exd4 {[#]} Bc5 $146 ({Predecessor:} 12... Qe6 13. Qa4 Rxd4 14. b3 Ne4 15. Bb2 Nc5 16. Qxc6 bxc6 17. Bxd4 Ne4 18. Rae1 f5 {½-½ (26) Giri,A (2750)-Harikrishna,P (2726) Biel 2014}) 13. Be3 (13. Bh6 $5 {[%cal Rh6g7]} Qxd4 14. Qxd4 Bxd4 15. Bxg7 $14) 13... Bxd4 14. Qb3 Bxe3 15. Nxe3 Qe6 16. Qa3 (16. Qxe6+ $11 fxe6 17. Bxc6 bxc6 18. Nc4) 16... Kb8 $15 17. Rfe1 Rhe8 18. Rac1 Ne5 (18... Ne4 $17 19. Nc2 Qd5) 19. Qc3 (19. Bxb7 $5 Kxb7 20. Rxc7+ $1 {[%mdl 512]} Kxc7 21. Qxa7+ Kc8 22. Qa8+ Kc7 23. Qa7+ Kc8 24. Rc1+ Qc6 25. Qa6+ {[%mdl 64] Pin} Kc7 26. Qa7+ Kc8 27. Qa6+ {[%mdl 64] Pin} Kc7 28. Qa7+ Kc8 $11) 19... c6 {...Nd3 is the strong threat.} 20. Rcd1 Rxd1 21. Rxd1 Neg4 (21... a6 {is interesting.} 22. Qa5 Ned7 23. Qb4 Ka8 24. b3 h5) 22. Nxg4 Qxg4 23. Bf3 Qf5 24. b4 g5 25. a4 g4 26. Bg2 Nd5 27. Qc5 Qe5 $1 28. Bxd5 cxd5 $11 {[%mdl 4096] Endgame KQR-KQR} 29. b5 Rd8 30. a5 Qc7 (30... f6 {with more complications.} 31. b6 d4 32. bxa7+ Ka8 33. Qb6 Rd6) 31. Qb4 Rd6 (31... Qd7 $11 {keeps the balance.}) 32. Qxg4 $16 Qxa5 33. Qg8+ Rd8 34. Qxh7 Qxb5 35. Qxf7 a5 36. Qf4+ (36. Qf6 $1 $16 {[%cal Rf6d8]} Rd7 37. Qf5) 36... Ka7 $1 $14 37. h4 Qc5 38. Rd4 (38. Qe5 {seems wilder.} b6 39. Rd4 b5 40. h5 Kb6 41. Kg2) 38... Rd7 $2 {[%mdl 8192] This move loses the game for Black.} (38... b5 $1 $14) 39. Qd2 $1 $18 Ka6 (39... Qc7 {was necessary.} 40. Rxd5 Rxd5 41. Qxd5 Qb6) 40. h5 b5 41. h6 Qc6 {[#]} 42. g4 $1 {[%cal Rg4g5]} Qg6 43. g5 a4 44. Qc1 {Hoping for Qc8+.} Kb6 (44... Rd6 $142 45. Kg2 (45. Qc8+ Kb6 $16) 45... Kb7) 45. Qe3 {Rxd5+ would kill now.} Ka6 46. Qg3 Kb7 (46... Ka5 $142 47. Kf1 Qc2) 47. Rb4 {White is clearly winning.} Ka6 48. Rf4 {Strongly threatening Rf6+.} Rd6 49. Qh4 {Black must now prevent h7.} a3 50. h7 a2 {[#]} 51. Ra4+ $1 {[%mdl 576] Promotion} bxa4 52. Qxa4+ {[%mdl 64] Double Attack} Kb7 53. h8=Q {White wants to mate with Qha8+.} Qxg5+ 54. Kf1 {Intending Qha8+ and mate.} Qc1+ {[#]} 55. Ke2 $1 {White threatens Qha8+ and mate.} Re6+ 56. Kf3 {Accuracy: White = 81%, Black = 57%.} 1-0

[Event "Panevezys Elite Open 2020"]
[Site "Panevezys"]
[Date "2020.06.27"]
[Round "3.5"]
[White "Malisauskas, Vidmantas"]
[Black "Juksta, Karolis"]
[Result "1-0"]
[WhiteElo "2423"]
[BlackElo "2366"]
[Annotator "TA"]
[PlyCount "89"]
[EventDate "2020.06.26"]
[EventType "swiss"]
[EventCountry "LTU"]
[SourceTitle "playchess.com"]
[Source "ChessBase"]
[SourceQuality "1"]

{[%evp 9,89,32,30,30,28,28,33,32,31,31,39,21,30,30,39,29,34,36,37,18,42,38,39,29,52,52,130,129,129,127,136,128,154,72,66,50,54,50,64,23,30,28,120,125,131,134,139,140,175,175,202,206,217,218,177,183,216,159,168,140,204,212,230,236,293,288,1253,1257,1243,1156,894,1053,5635,2715,5998,5695,6103,6103,5073,5073,1251,1234]} 1. Nf3 d5 2. d4 Nf6 3. c4 e6 4. Nc3 a6 5. cxd5 exd5 6. Bg5 {D37: Queen's Gambit Declined: 5 Bf4.} Be6 7. e3 Nbd7 8. Bd3 {White is slightly better.} Bd6 9. h3 c6 10. Bf4 Qc7 11. Bxd6 Qxd6 12. O-O O-O 13. Qc2 h6 14. Na4 a5 {[#]} 15. Rfc1 $146 ({Predecessor:} 15. Rac1 Rfe8 16. a3 g6 17. Nc5 Nxc5 18. dxc5 Qe7 19. Nd4 a4 20. Qc3 Bc8 21. Rfd1 {½-½ (60) Djordjevic,V (2347)-Rahul,S (2430) Paracin 2019}) 15... Rfc8 16. Ne5 Qc7 17. f4 Ne8 (17... Re8 $14) 18. Nxd7 $16 Bxd7 19. Qc5 $1 Rd8 20. Nb6 Rab8 21. Qxa5 (21. Nxd5 $142 $1 cxd5 22. Qxc7 Nxc7 23. Rxc7) 21... Nf6 22. Qc5 Re8 23. Re1 Re6 24. f5 Ree8 25. Re2 Rbd8 {[#] Black is now going downhill.} (25... Qg3 $11) 26. Rf1 $1 Bc8 27. a4 Qg3 28. Rf3 Qg5 29. b4 Ne4 30. Bxe4 $1 Rxe4 31. Nxc8 Rxc8 {[#]} 32. f6 $1 {[%mdl 512]} Rce8 (32... gxf6 33. Qd6) 33. fxg7 Kxg7 34. Qc3 f5 (34... R8e6 $16 35. b5 Qe7 36. bxc6 Rxc6) 35. b5 $18 cxb5 36. axb5 R8e7 37. Qc8 Rxe3 $2 (37... R4e6 38. Kh2 Qh5) 38. Rexe3 {White is clearly winning.} Rxe3 39. Rxf5 {[%mdl 4096] Endgame KQR-KQR} Qe7 40. Rxd5 Re1+ 41. Kh2 Qf7 42. Qg4+ Kh7 {[#]} 43. Rd7 $1 Re7 44. Rxe7 Qxe7 45. Qf5+ {Accuracy: White = 90%, Black = 54%.} 1-0